19 SHATKATIL MAHARASHTRAMADHILA SAMAJ SUDHARNECHA EITHAS (Record no. 1219749)

MARC details
000 -LEADER
fixed length control field 00412nam a2200157Ia 4500
008 - FIXED-LENGTH DATA ELEMENTS--GENERAL INFORMATION
fixed length control field 260407s2015 xx 000 0 und d
041 ## - LANGUAGE CODE
Language code of text/sound track or separate title eng
082 ## - DEWEY DECIMAL CLASSIFICATION NUMBER
Classification number 303.4848954/PAT
Item number 12257
100 ## - MAIN ENTRY--PERSONAL NAME
Personal name PRIF. V.B. PATIL
245 ## - TITLE STATEMENT
Title 19 SHATKATIL MAHARASHTRAMADHILA SAMAJ SUDHARNECHA EITHAS
250 ## - EDITION STATEMENT
Edition statement 3RD
260 ## - PUBLICATION, DISTRIBUTION, ETC.
Place of publication, distribution, etc. PUNE
Name of publisher, distributor, etc. K.SAGAR PUB HOUSE
Date of publication, distribution, etc. 2015
300 ## - PHYSICAL DESCRIPTION
Extent 205p
650 ## - SUBJECT ADDED ENTRY--TOPICAL TERM
Topical term or geographic name entry element GENERAL
650 ## - SUBJECT ADDED ENTRY--TOPICAL TERM
Topical term or geographic name entry element GENERAL
Holdings
Withdrawn status Lost status Damaged status Not for loan Home library Current library Date acquired Cost, normal purchase price Total Checkouts Full call number Barcode Date last seen Price effective from Koha item type
        College of Pharmacy, Kolhapur College of Pharmacy, Kolhapur 08/04/2026 175.00   303.4848954/PAT/12257 PCK-12257 08/04/2026 08/04/2026 Book